Droit administratif
Salvato in:
| Autori principali: | , |
|---|---|
| Natura: | Libro |
| Lingua: | francese |
| Pubblicazione: |
París
Dalloz
1992
|
| Edizione: | 14a. ed |
| Soggetti: | |
| Tags: |
Aggiungi Tag
Nessun Tag, puoi essere il primo ad aggiungerne!!
|
MARC
| LEADER | 00000nam a2200000 a 4500 | ||
|---|---|---|---|
| 001 | UCV3518 | ||
| 003 | CL-VaPUC | ||
| 008 | 930819e19920000FR |||||||||||||||||fre|d | ||
| 082 | 0 | 4 | |a 342.44 |b RIV |2 21 |
| 100 | 0 | |a Rivero, Jean |e author |9 297761 | |
| 700 | 0 | |a Waline, Jean |e author |9 297762 | |
| 245 | 1 | 0 | |a Droit administratif |
| 250 | |a 14a. ed | ||
| 300 | |a 448 p | ||
| 942 | |c BK | ||
| 945 | |d 19930819 00:00:00 | ||
| 260 | |a París |b Dalloz |c 1992 | ||
| 650 | 0 | |a Derecho administrativo |9 254851 | |
| 651 | 0 | |a Francia |9 255157 | |
| 583 | |a last modification |c 19930819 00:00:00 |k Rodrigo Vera | ||
| 999 | |c 210694 |d 210692 | ||
| 952 | |0 0 |1 0 |4 0 |6 342_440000000000000_RIV_1992 |7 0 |8 A |9 187123 |a BIBDER |b BIBDER |d 2019-11-14 |i 2548267 |o 342.44 RIV 1992 |p 2548267 |r 2023-01-25 |w 2019-11-14 |y BK |k DER | ||